[Event "San Vicente op 9th"]
[Site "San Vicente"]
[Date "2025.04.17"]
[Round "3"]
[White "Carbonell Sancho, Marc"]
[Black "Zanan, Evgeny"]
[Result "0-1"]
[WhiteElo "2344"]
[BlackElo "2454"]
[PlyCount "68"]
[EventDate "2025.04.16"]
[EventType "swiss"]
[EventRounds "9"]
[EventCountry "ESP"]
[SourceTitle "CB17_2025"]
[SourceDate "2025.04.23"]
[SourceVersion "1"]
[SourceVersionDate "2025.04.23"]
[SourceQuality "1"]

1. e4 e5 2. Nf3 Nc6 3. Bc4 Nf6 4. d3 Be7 5. 0-0 0-0 6. Re1 d6 7. c3 Na5 8. Bb5 a6 9. Ba4 b5 10. Bc2 c5 11. h3 Nc6 12. Nbd2 Re8 13. Nf1 h6 14. Ng3 Be6 15. d4 cxd4 16. cxd4 exd4 17. Nxd4 Nxd4 18. Qxd4 Rc8 19. Bb3 d5 20. e5 Bc5 21. Qd3 Ne4 22. Be3 Qh4 23. Bxd5 Nxf2 24. Bxf2 Red8 25. Bxc5 Rxd5 26. Qe4 Qxg3 27. Bf2 Qg5 28. Kh2 Rc4 29. Qf3 Rc2 30. Rad1 Rxd1 31. Rxd1 Qxe5+ 32. Bg3 Qf5 33. Rd8+ Kh7 34. Qa8 Qxh3+ 0-1

[Event "Benidorm Bali op-A 21st"]
[Site "Benidorm"]
[Date "2024.12.02"]
[Round "6"]
[White "Carbonell Sancho, Marc"]
[Black "Movsziszian, Karen"]
[Result "1-0"]
[WhiteElo "2286"]
[BlackElo "2439"]
[PlyCount "75"]
[EventDate "2024.11.29"]
[EventType "swiss"]
[EventRounds "9"]
[EventCountry "ESP"]
[SourceTitle "CB50_2024"]
[SourceDate "2024.11.01"]
[SourceVersion "1"]
[SourceVersionDate "2024.11.01"]
[SourceQuality "2"]

1. e4 d6 2. d4 g6 3. Nc3 a6 4. f4 b5 5. Bd3 Nd7 6. a4 b4 7. Nce2 Bb7 8. Nf3 c5 9. c3 cxd4 10. cxd4 Ngf6 11. e5 Bxf3 12. gxf3 Nd5 13. h4 e6 14. h5 Bg7 15. a5 0-0 16. Bd2 Qc7 17. Qa4 Qb7 18. h6 Bh8 19. 0-0-0 Rfc8+ 20. Kb1 Nc3+ 21. Bxc3 bxc3 22. b3 Qxf3 23. Qxd7 c2+ 24. Bxc2 Qxe2 25. Bd3 Qe3 26. Rhe1 Qh3 27. Rh1 Qf3 28. f5 Qd5 29. Bc4 Rxc4 30. fxe6 Qe4+ 31. Ka1 Rc1+ 32. Rxc1 Qxd4+ 33. Kb1 Qd3+ 34. Kb2 Qd2+ 35. Rc2 Bxe5+ 36. Kb1 Qd3 37. Qxf7+ Kh8 38. e7 1-0

[Event "Benidorm Bali op-A 21st"]
[Site "Benidorm"]
[Date "2024.12.01"]
[Round "4"]
[White "Carbonell Sancho, Marc"]
[Black "Domingo Nunez, Ruben"]
[Result "1/2-1/2"]
[WhiteElo "2286"]
[BlackElo "2409"]
[PlyCount "74"]
[EventDate "2024.11.29"]
[EventType "swiss"]
[EventRounds "9"]
[EventCountry "ESP"]
[SourceTitle "CB50_2024"]
[SourceDate "2024.11.01"]
[SourceVersion "1"]
[SourceVersionDate "2024.11.01"]
[SourceQuality "2"]

1. e4 c6 2. d4 d5 3. e5 Bf5 4. h4 a6 5. Nc3 c5 6. dxc5 Nc6 7. Bd3 Bxd3 8. cxd3 Nxe5 9. d4 Nc6 10. Nf3 Nf6 11. 0-0 e6 12. Bf4 Be7 13. b4 Ne4 14. Na4 Bxh4 15. Nb6 Ra7 16. Bh2 Bf6 17. a3 0-0 18. Qd3 a5 19. Rab1 axb4 20. axb4 Ra2 21. Qb3 Rd2 22. Be5 Bxe5 23. dxe5 Qc7 24. b5 Nxe5 25. Nxe5 Qxe5 26. Nd7 Qd4 27. Nxf8 Rxf2 28. Rxf2 Qxf2+ 29. Kh1 Qh4+ 30. Kg1 Qf2+ 31. Kh1 Qh4+ 32. Kg1 Kxf8 33. c6 Qf2+ 34. Kh1 Qh4+ 35. Kg1 Qf2+ 36. Kh1 Qh4+ 37. Kg1 Qf2+ 1/2-1/2

[Event "Barcelona Sants op 25th"]
[Site "Barcelona"]
[Date "2024.08.25"]
[Round "3"]
[White "Carbonell Sancho, Marc"]
[Black "Kantor, Gergely"]
[Result "0-1"]
[WhiteElo "2292"]
[BlackElo "2525"]
[PlyCount "44"]
[EventDate "2024.08.23"]
[EventType "swiss"]
[EventRounds "10"]
[EventCountry "ESP"]
[SourceTitle "CBM 221 Extra"]
[Source "ChessBase"]
[SourceDate "2024.09.30"]
[SourceVersion "1"]
[SourceVersionDate "2024.09.30"]
[SourceQuality "1"]

1. e4 e5 2. Nf3 Nc6 3. Bc4 Nf6 4. d3 Bc5 5. c3 d6 6. 0-0 a6 7. a4 h6 8. Re1 Ba7 9. Nbd2 g5 10. Nf1 g4 11. N3d2 h5 12. Ne3 h4 13. g3 Bd7 14. Kg2 Nh5 15. Nxg4 hxg3 16. fxg3 Qg5 17. h3 Nf4+ 18. gxf4 Qh4 19. Qf3 Bxg4 20. hxg4 Qxe1 21. Nf1 Qh4 22. Be3 Bxe3 0-1

[Event "ESP-chT CECLUB Div2"]
[Site "Linares"]
[Date "2024.08.14"]
[Round "5.27"]
[White "Reinaldo Castineira, Roi"]
[Black "Carbonell Sancho, Marc"]
[Result "1-0"]
[WhiteElo "2471"]
[BlackElo "2292"]
[PlyCount "87"]
[EventDate "2024.08.11"]
[EventType "team-swiss"]
[EventRounds "7"]
[EventCountry "ESP"]
[SourceTitle "CBM 221 Extra"]
[Source "ChessBase"]
[SourceDate "2024.09.30"]
[SourceVersion "1"]
[SourceVersionDate "2024.09.30"]
[SourceQuality "1"]
[WhiteTeam "Fontecarmona"]
[BlackTeam "Xeraco"]
[WhiteTeamCountry "ESP"]
[BlackTeamCountry "ESP"]

1. c4 Nf6 2. Nc3 g6 3. e4 d6 4. d4 Bg7 5. h3 0-0 6. Be3 e5 7. d5 a5 8. g4 h5 9. Qd2 Na6 10. 0-0-0 Bd7 11. f3 Qc8 12. Kb1 Rb8 13. Rh2 h4 14. Bg5 c6 15. dxc6 bxc6 16. Qxd6 Be6 17. Nd5 cxd5 18. cxd5 Nc7 19. Rc2 Nfe8 20. Qa3 Qb7 21. dxe6 Nxe6 22. Bxh4 Nd4 23. Rxd4 exd4 24. Be7 Nc7 25. Bxf8 Bxf8 26. Qxa5 d3 27. Bxd3 Ne6 28. Ne2 Bg7 29. Qd2 Rd8 30. Qe3 Nd4 31. Nxd4 Rxd4 32. e5 Qd5 33. Rd2 Bxe5 34. Be4 Qd6 35. Rxd4 Bxd4 36. Qd2 Qb6 37. a3 Bf6 38. Bd5 Qb5 39. Ka2 Kg7 40. Bb3 Qe5 41. f4 Qc5 42. Qd5 Qc7 43. g5 Bd8 44. h4 1-0

[Event "Valencia Cuna op 5th"]
[Site "Valencia"]
[Date "2024.07.14"]
[Round "9"]
[White "Carbonell Sancho, Marc"]
[Black "Bilych, Olexiy"]
[Result "1/2-1/2"]
[WhiteElo "2285"]
[BlackElo "2437"]
[PlyCount "98"]
[EventDate "2024.07.06"]
[EventType "swiss"]
[EventRounds "9"]
[EventCountry "ESP"]
[SourceTitle "CBM 221 Extra"]
[Source "ChessBase"]
[SourceDate "2024.09.30"]
[SourceVersion "1"]
[SourceVersionDate "2024.09.30"]
[SourceQuality "1"]

1. Nf3 d5 2. g3 b6 3. Bg2 Bb7 4. 0-0 e6 5. d3 Nf6 6. e4 c5 7. Nbd2 Nc6 8. Re1 Be7 9. c3 Qc7 10. exd5 Nxd5 11. a4 0-0 12. Nc4 Rad8 13. Qb3 Ba6 14. Bd2 Bf6 15. Rad1 Rd7 16. Bc1 Rfd8 17. Ng5 h6 18. Ne4 Be7 19. f4 Bf8 20. Nf2 Na5 21. Nxa5 bxa5 22. Qc2 Nf6 23. c4 Bb7 24. Bxb7 Qxb7 25. Bd2 g6 26. Bxa5 Rb8 27. Bc3 Bg7 28. Qe2 h5 29. d4 cxd4 30. Rxd4 Rxd4 31. Bxd4 Nd7 32. Qe3 Bxd4 33. Qxd4 Qb4 34. Re2 Nc5 35. g4 hxg4 36. Nxg4 Nb3 37. Nf6+ Kh8 38. Qe5 Qc5+ 39. Re3 Rb4 40. Kg2 Qxe5 41. fxe5 Kg7 42. Rh3 g5 43. Rg3 Nd4 44. Rxg5+ Kh6 45. h4 Rxb2+ 46. Kf1 Nf3 47. Ng4+ Kh7 48. Nf6+ Kh6 49. Ng4+ Kh7 1/2-1/2

[Event "ESP-ch Rapid"]
[Site "Linares"]
[Date "2023.08.19"]
[Round "7"]
[White "Carbonell Sancho, Marc"]
[Black "Diaz Castro, Ismael"]
[Result "1/2-1/2"]
[WhiteElo "2299"]
[BlackElo "2243"]
[PlyCount "125"]
[EventDate "2023.08.19"]
[EventType "swiss (rapid)"]
[EventRounds "10"]
[EventCountry "ESP"]
[SourceTitle "CBM 215 Extra"]
[Source "ChessBase"]
[SourceDate "2023.09.30"]
[SourceVersion "1"]
[SourceVersionDate "2023.09.30"]
[SourceQuality "1"]

1. Nf3 Nf6 2. g3 g6 3. Bg2 Bg7 4. 0-0 d5 5. d3 0-0 6. Nbd2 c5 7. e4 Nc6 8. Re1 e6 9. c3 Rb8 10. e5 Nd7 11. d4 b5 12. Nf1 b4 13. h4 a5 14. h5 Nb6 15. Bg5 Qe8 16. N1h2 h6 17. Bf6 Nd7 18. Bxg7 Kxg7 19. Qd2 Ne7 20. Ng4 Nf5 21. Nh4 Rh8 22. Nxf5+ gxf5 23. Nf6 Qe7 24. Qf4 Ba6 25. Nxd7 Qxd7 26. dxc5 bxc3 27. bxc3 Rhc8 28. g4 fxg4 29. Qf6+ Kg8 30. Qxh6 Qe7 31. Rab1 Rxb1 32. Rxb1 Bd3 33. Rb2 Bf5 34. c6 Qd8 35. c4 dxc4 36. Rd2 Qh4 37. Rd4 c3 38. Rc4 c2 39. c7 Bd3 40. Rc3 g3 41. fxg3 Qd4+ 42. Kh2 Qxc3 43. Qg5+ Kh7 44. h6 Bg6 45. Be4 c1Q 46. Bxg6+ fxg6 47. Qe7+ Kxh6 48. Qh4+ Kg7 49. Qe7+ Kh8 50. Qf6+ Kg8 51. Qxe6+ Kh7 52. Qe7+ Kg8 53. Qe6+ Kg7 54. Qe7+ Kh8 55. Qf6+ Kh7 56. Qe7+ Kh6 57. Qh4+ Kg7 58. Qe7+ Kg8 59. Qe6+ Kh7 60. Qe7+ Kg8 61. Qe6+ Kg7 62. Qe7+ Kh6 63. Qh4+ 1/2-1/2

[Event "POR-chT"]
[Site "Sao Joao da Madeira"]
[Date "2023.07.20"]
[Round "5.3"]
[White "Margarido, Jose Miguel Teixeir"]
[Black "Carbonell Sancho, Marc"]
[Result "0-1"]
[WhiteElo "2100"]
[BlackElo "2285"]
[PlyCount "99"]
[EventDate "2023.07.17"]
[EventType "team-tourn"]
[EventRounds "9"]
[EventCountry "POR"]
[SourceTitle "CBM 215 Extra"]
[Source "ChessBase"]
[SourceDate "2023.09.30"]
[SourceVersion "1"]
[SourceVersionDate "2023.09.30"]
[SourceQuality "1"]
[WhiteTeam "EPGaia"]
[BlackTeam "Assembleia Figueirense"]
[WhiteTeamCountry "POR"]
[BlackTeamCountry "POR"]

1. c4 e5 2. g3 Nc6 3. Nc3 Bc5 4. Bg2 a6 5. e3 d6 6. Nf3 Ba7 7. 0-0 Bg4 8. h3 Bh5 9. d4 Nge7 10. dxe5 dxe5 11. g4 Bg6 12. Qxd8+ Rxd8 13. b3 f6 14. Ba3 Kf7 15. Rfd1 Bc2 16. Rd2 Rxd2 17. Nxd2 Rd8 18. Nde4 Bb6 19. Rc1 Bxe4 20. Bxe4 Rd2 21. Rd1 Rxd1+ 22. Nxd1 g6 23. Kf1 Nd8 24. Ke2 c6 25. Bg2 Ne6 26. Nc3 f5 27. gxf5 gxf5 28. Bb2 Ng6 29. b4 Nh4 30. Bh1 e4 31. Na4 Bc7 32. f3 b5 33. cxb5 axb5 34. Nc3 exf3+ 35. Bxf3 Nxf3 36. Kxf3 Ng5+ 37. Kg2 Ke6 38. h4 Ne4 39. Ne2 Kd5 40. Nd4 Be5 41. Kf3 Nd2+ 42. Ke2 Nc4 43. Bc3 Ke4 44. Be1 Bxd4 45. exd4 Kxd4 46. Bf2+ Ke4 47. Bc5 h5 48. Kf2 Ne5 49. Bd6 Nd3+ 50. Kg2 0-1

[Event "Benasque op 42nd"]
[Site "Benasque"]
[Date "2023.07.07"]
[Round "3"]
[White "Hovhannisyan, Robert"]
[Black "Carbonell Sancho, Marc"]
[Result "1/2-1/2"]
[WhiteElo "2607"]
[BlackElo "2285"]
[PlyCount "216"]
[EventDate "2023.07.05"]
[EventType "swiss"]
[EventRounds "9"]
[EventCountry "ESP"]
[SourceTitle "EXT 2024"]
[Source "ChessBase"]
[SourceDate "2023.10.10"]
[SourceVersion "1"]
[SourceVersionDate "2023.10.10"]
[SourceQuality "1"]

1. d4 Nf6 2. Nf3 g6 3. Nc3 d5 4. Bf4 Bg7 5. e3 0-0 6. Be2 c5 7. dxc5 Qa5 8. Nd2 Qxc5 9. 0-0 e6 10. Nb5 Ne8 11. c4 dxc4 12. Bxc4 a6 13. Nc3 b5 14. Be2 Bb7 15. Nb3 Qb6 16. a4 Nc6 17. axb5 axb5 18. Rxa8 Bxa8 19. Nxb5 Bxb2 20. Qc2 Bg7 21. Rb1 Nb4 22. Qc5 Nd5 23. Qxb6 Nxb6 24. Nc5 Nf6 25. h3 Nfd5 26. Bg3 Rc8 27. Ne4 Rc2 28. Bf3 Rb2 29. Rxb2 Bxb2 30. Bh4 Be5 31. Bd8 Nd7 32. Nd2 Bf6 33. Bxf6 N7xf6 34. Nc4 Bc6 35. Nbd6 Nd7 36. Na5 Ba8 37. Be2 Nc3 38. Bf1 Kf8 39. Nb5 Nxb5 40. Bxb5 Nf6 41. f3 Nd5 42. Kf2 Ke7 43. h4 h6 44. e4 Nc7 45. Ba4 Kd6 46. Nc4+ Ke7 47. e5 Bd5 48. Ne3 Ba2 49. Ng4 h5 50. Nf6 Nd5 51. Nxd5+ Bxd5 52. Bc2 Kf8 53. Ke3 Kg7 54. Kd4 Kh6 55. Bd1 Bb7 56. Kc5 Kg7 57. Kd6 Kf8 58. Be2 Bd5 59. Bd3 Bb3 60. Bf1 Ba2 61. Bb5 Bb3 62. Ba6 Ba2 63. Bf1 Bb3 64. Bd3 Bd5 65. Be2 Bb3 66. g4 hxg4 67. fxg4 Bc2 68. Bf3 Bd3 69. Bd1 Be4 70. Be2 Bc2 71. Bf3 Bd3 72. h5 gxh5 73. gxh5 Bc2 74. Bg4 Bb1 75. h6 Bg6 76. Be2 Bc2 77. Bf3 Bb1 78. Bh5 Bc2 79. Be2 Bb1 80. Bd1 Bg6 81. Ba4 Bb1 82. Bb5 Bc2 83. Be2 Bg6 84. Bg4 Bc2 85. Bh3 Bb1 86. Bf1 Bc2 87. Bc4 Bb1 88. Bb5 Bg6 89. Be2 Bc2 90. Kc5 Kg8 91. Kd6 Kf8 92. Bh5 Bb1 93. Kc5 Kg8 94. Kc6 Bc2 95. Kd6 Kf8 96. Bf3 Bb1 97. Bc6 Bc2 98. Kc5 Kg8 99. Be8 Bg6 100. Kd6 Kf8 101. Bd7 Bc2 102. Bxe6 fxe6 103. Kxe6 Ke8 104. Kf6 Bb1 105. e6 Bc2 106. Kg7 Ke7 107. h7 Bxh7 108. Kxh7 Kxe6 1/2-1/2

[Event "EU-ch 23rd"]
[Site "Vrnjacka Banja"]
[Date "2023.03.12"]
[Round "10"]
[White "Carbonell Sancho, Marc"]
[Black "Ahmad, Khagan"]
[Result "1-0"]
[WhiteElo "2364"]
[BlackElo "2220"]
[PlyCount "111"]
[EventDate "2023.03.03"]
[EventType "swiss"]
[EventRounds "11"]
[EventCountry "SRB"]
[SourceTitle "CBM 213"]
[Source "ChessBase"]
[SourceDate "2023.04.30"]
[SourceVersion "1"]
[SourceVersionDate "2023.04.30"]
[SourceQuality "1"]

1. e4 c5 2. Nf3 d6 3. d4 cxd4 4. Nxd4 Nf6 5. Nc3 a6 6. Bg5 e6 7. f4 Be7 8. Qf3 Qc7 9. 0-0-0 Nbd7 10. Bd3 b5 11. Rhe1 Bb7 12. Qg3 b4 13. Nd5 exd5 14. exd5 Kd8 15. Bh4 Bxd5 16. Rxe7 Kxe7 17. Nf5+ Kd8 18. Qxg7 Re8 19. Bxf6+ Nxf6 20. Qxf6+ Kd7 21. Bb5+ axb5 22. Rxd5 Kc6 23. Rxd6+ Kb7 24. Qd4 Rad8 25. Qd5+ Ka7 26. Nd4 Rxd6 27. Nxb5+ Kb6 28. Nxd6 Rd8 29. Qb5+ Ka7 30. Qa4+ Kb6 31. Qxb4+ Kc6 32. Nf5 Qa7 33. Qe4+ Kc7 34. Qc4+ Kb8 35. Qb4+ Ka8 36. Qe4+ Kb8 37. Qe3 Qxa2 38. Qb6+ Kc8 39. Qc6+ Kb8 40. Qb6+ Kc8 41. Nd6+ Kd7 42. Nb7 Ra8 43. Nc5+ Ke8 44. Qc6+ Kf8 45. Nd3 Re8 46. Qc5+ Kg8 47. Qg5+ Kh8 48. Kd2 Qa7 49. f5 Qd4 50. g3 Qg1 51. Qf6+ Kg8 52. Qg5+ Kh8 53. b4 Qxh2+ 54. Kc3 Qg1 55. Qf6+ Kg8 56. Qg5+ 1-0

[Event "EU-ch 23rd"]
[Site "Vrnjacka Banja"]
[Date "2023.03.06"]
[Round "4"]
[White "Carbonell Sancho, Marc"]
[Black "Korelskiy, Egor"]
[Result "1-0"]
[WhiteElo "2364"]
[BlackElo "2127"]
[PlyCount "59"]
[EventDate "2023.03.03"]
[EventType "swiss"]
[EventRounds "11"]
[EventCountry "SRB"]
[SourceTitle "CBM 213"]
[Source "ChessBase"]
[SourceDate "2023.04.30"]
[SourceVersion "1"]
[SourceVersionDate "2023.04.30"]
[SourceQuality "1"]

1. e4 c5 2. Nf3 e6 3. d4 cxd4 4. Nxd4 a6 5. Bd3 Nf6 6. 0-0 Qc7 7. Qe2 d6 8. c4 Be7 9. Nc3 Nbd7 10. f4 0-0 11. Kh1 Rd8 12. Nf3 e5 13. f5 b6 14. Bg5 h6 15. Bh4 Bb7 16. Rac1 Rac8 17. b4 Qb8 18. a3 Rc7 19. Rc2 Rdc8 20. Rfc1 Qa8 21. Nd2 Bd8 22. Bf2 Be7 23. h3 Kh8 24. Kh2 Qb8 25. Rg1 Qa8 26. g4 Qb8 27. h4 Rg8 28. g5 Nh7 29. Nf3 Qd8 30. Be3 1-0

[Event "Sitges Sunway op 9th"]
[Site "Sitges"]
[Date "2022.12.21"]
[Round "9"]
[White "Van Foreest, Jorden"]
[Black "Carbonell Sancho, Marc"]
[Result "1-0"]
[WhiteElo "2690"]
[BlackElo "2384"]
[PlyCount "75"]
[EventDate "2022.12.12"]
[EventType "swiss"]
[EventRounds "10"]
[EventCountry "ESP"]
[SourceTitle "CBM 211 Extra"]
[Source "ChessBase"]
[SourceDate "2023.01.31"]
[SourceVersion "1"]
[SourceVersionDate "2023.01.31"]
[SourceQuality "1"]

1. e4 e6 2. d4 d5 3. Nc3 Nf6 4. e5 Nfd7 5. f4 c5 6. Nf3 Nc6 7. Be3 Be7 8. Qd2 0-0 9. Be2 a6 10. 0-0 b5 11. Kh1 Qc7 12. a3 Bb7 13. Nd1 cxd4 14. Nxd4 Nxd4 15. Bxd4 f6 16. exf6 Bxf6 17. Ne3 e5 18. fxe5 Nxe5 19. Rf5 Rad8 20. Raf1 Nc4 21. Qc3 Bxd4 22. Qxd4 Nxe3 23. Qxe3 Rxf5 24. Rxf5 Qxc2 25. Bd3 Qc8 26. Qe7 Re8 27. Qf7+ Kh8 28. Rf1 d4 29. Kg1 Ba8 30. h4 Qb8 31. Qf5 g6 32. Qf6+ Kg8 33. Bxg6 hxg6 34. Qxg6+ Kh8 35. Rf7 Re1+ 36. Kf2 Re2+ 37. Kxe2 d3+ 38. Kd2 1-0

[Event "ESP-ch Amateurs U2300"]
[Site "Murcia"]
[Date "2022.09.03"]
[Round "7.1"]
[White "Bendayan Claros, Aaron Arturo"]
[Black "Carbonell Sancho, Marc"]
[Result "1-0"]
[WhiteElo "2186"]
[BlackElo "2285"]
[PlyCount "87"]
[EventDate "2022.08.30"]
[EventType "swiss"]
[EventRounds "7"]
[EventCountry "ESP"]
[SourceTitle "EXT 2024"]
[Source "ChessBase"]
[SourceDate "2023.10.10"]
[SourceVersion "1"]
[SourceVersionDate "2023.10.10"]
[SourceQuality "1"]

1. d4 d6 2. c4 g6 3. Nc3 Bg7 4. e4 Nf6 5. f3 0-0 6. Be3 c6 7. Nge2 a6 8. c5 Nbd7 9. cxd6 exd6 10. Nf4 Re8 11. Be2 b5 12. 0-0 Qe7 13. Qd2 Nb6 14. b3 Bb7 15. Rac1 Rac8 16. a4 b4 17. Nd1 a5 18. Nb2 Nfd5 19. Bf2 Nxf4 20. Qxf4 d5 21. Nd3 Ba6 22. e5 f6 23. Rfe1 Nd7 24. exf6 Qxf6 25. Qxf6 Bxf6 26. Bf1 Rxe1 27. Rxe1 Bxd3 28. Bxd3 Nf8 29. f4 Kf7 30. f5 Rc7 31. g4 gxf5 32. gxf5 Nd7 33. Rc1 Rc8 34. Kf1 Be7 35. Ba6 Rf8 36. Rxc6 Nb8 37. Rb6 Nxa6 38. Rxa6 Ke8 39. Rxa5 Rxf5 40. Kg2 Bd6 41. Bg3 Be7 42. Rb5 Bf6 43. Rxb4 h5 44. a5 1-0

[Event "ESP-chT CECLUB Div2"]
[Site "Linares"]
[Date "2022.08.26"]
[Round "6.2"]
[White "Camacho Collados, Jose"]
[Black "Carbonell Sancho, Marc"]
[Result "1/2-1/2"]
[WhiteElo "2405"]
[BlackElo "2285"]
[PlyCount "153"]
[EventDate "2022.08.22"]
[EventType "team-swiss"]
[EventRounds "7"]
[EventCountry "ESP"]
[SourceTitle "CBM 209 Extra"]
[Source "ChessBase"]
[SourceDate "2022.09.30"]
[SourceVersion "1"]
[SourceVersionDate "2022.09.30"]
[SourceQuality "1"]
[WhiteTeam "Nazari Area F5"]
[BlackTeam "Xeraco CE"]
[WhiteTeamCountry "ESP"]
[BlackTeamCountry "ESP"]

1. Nf3 Nf6 2. g3 g6 3. b3 Bg7 4. Bb2 0-0 5. Bg2 c5 6. 0-0 Nc6 7. c4 d6 8. Nc3 Bf5 9. d3 a6 10. Qd2 Bd7 11. Rfd1 Qa5 12. a3 Rfc8 13. e3 Rab8 14. h3 Qd8 15. Nd5 e6 16. Nxf6+ Bxf6 17. d4 Na5 18. Qc2 b5 19. dxc5 bxc4 20. b4 Bxb2 21. Qxb2 Nb3 22. Rxd6 Nxc5 23. Rad1 Qe7 24. Qd4 Ba4 25. bxc5 Bxd1 26. Qxd1 c3 27. Nd4 Rxc5 28. Nc6 Qc7 29. Be4 Rd5 30. Bxd5 Qxd6 31. Nxb8 exd5 32. Qb3 c2 33. Qxc2 Qxb8 34. Qd3 Qa8 35. a4 Qc6 36. a5 h5 37. Qd4 Kf8 38. Qb6 Qc4 39. Qd6+ Kg8 40. Qb8+ Kg7 41. Qe5+ Kg8 42. Qf6 Qb5 43. Qd8+ Kg7 44. Qb6 Qc4 45. Kg2 Qe4+ 46. Kh2 Qc4 47. Qb2+ Kg8 48. Qf6 Qb5 49. Qd8+ Kg7 50. Qc7 Qf1 51. Qf4 Qb5 52. Qe5+ Kg8 53. Qc3 Qc4 54. Qb2 Qc5 55. Qb6 Qc4 56. Kg2 Qe4+ 57. Kg1 Qc4 58. Qb2 Qd3 59. Qf6 Qb5 60. Qd8+ Kg7 61. Kg2 Qc4 62. Qd6 Qe4+ 63. Kg1 Qc4 64. Qd7 Qc5 65. Qa4 Kg8 66. g4 hxg4 67. hxg4 Qe7 68. Qd4 Qe6 69. Kf1 Qc6 70. Kg2 Qe6 71. Kg3 Qd6+ 72. Kg2 Qc6 73. g5 Qd7 74. Qf4 Qd8 75. Qe5 Qd7 76. Kg3 Qd8 77. Kg2 1/2-1/2

[Event "ESP-chT CECLUB Div2"]
[Site "Linares"]
[Date "2022.08.22"]
[Round "1.5"]
[White "Carbonell Sancho, Marc"]
[Black "Vazquez Pino, Miguel Angel"]
[Result "1-0"]
[WhiteElo "2285"]
[BlackElo "2057"]
[PlyCount "71"]
[EventDate "2022.08.22"]
[EventType "team-swiss"]
[EventRounds "7"]
[EventCountry "ESP"]
[SourceTitle "CBM 209 Extra"]
[Source "ChessBase"]
[SourceDate "2022.09.30"]
[SourceVersion "1"]
[SourceVersionDate "2022.09.30"]
[SourceQuality "1"]
[WhiteTeam "Xeraco CE"]
[BlackTeam "Miraflores Dimalsan"]
[WhiteTeamCountry "ESP"]
[BlackTeamCountry "ESP"]

1. e4 e6 2. d4 d5 3. Nc3 dxe4 4. Nxe4 Nd7 5. Nf3 Ngf6 6. Bd3 c5 7. Nxf6+ Nxf6 8. 0-0 cxd4 9. Nxd4 Bc5 10. Nf3 Qc7 11. a3 0-0 12. h3 h6 13. Re1 b6 14. b4 Bd6 15. Bb2 Nd7 16. Be4 Rb8 17. Nd4 Ba6 18. Nc6 Rbe8 19. c4 e5 20. Nxa7 Qxa7 21. Qxd6 Bxc4 22. Rac1 Re6 23. Qd2 b5 24. Bf5 Re7 25. a4 Nb6 26. a5 Nd7 27. Qd6 Rfe8 28. Rcd1 Nf8 29. Rxe5 Ne6 30. Re3 Qc7 31. Qxc7 Rxc7 32. Be5 Rcc8 33. Be4 Ng5 34. Bb7 Rcd8 35. Rxd8 Rxd8 36. a6 1-0

[Event "ESP-ch U18 Rapid"]
[Site "Salobrena"]
[Date "2022.08.06"]
[Round "4"]
[White "Gines Esteo, Pedro Antonio"]
[Black "Carbonell Sancho, Marc"]
[Result "1/2-1/2"]
[WhiteElo "2335"]
[BlackElo "1851"]
[PlyCount "152"]
[EventDate "2022.08.06"]
[EventType "swiss (rapid)"]
[EventRounds "9"]
[EventCountry "ESP"]
[SourceTitle "EXT 2023"]
[Source "ChessBase"]
[SourceDate "2022.10.05"]
[SourceVersion "1"]
[SourceVersionDate "2022.10.05"]
[SourceQuality "1"]

1. Nf3 Nf6 2. b3 g6 3. Bb2 Bg7 4. g3 0-0 5. Bg2 d6 6. d4 c5 7. c4 Nc6 8. 0-0 Ne4 9. Nbd2 Nxd2 10. Qxd2 Bg4 11. dxc5 dxc5 12. Bxg7 Kxg7 13. Qe3 Bxf3 14. Bxf3 Qd4 15. Qxd4+ Nxd4 16. Bxb7 Nxe2+ 17. Kg2 Rab8 18. Rfe1 Rxb7 19. Rxe2 Rd8 20. f4 f6 21. Rae1 Kf7 22. Re6 a5 23. R1e2 Rd6 24. Rxd6 exd6 25. Kf3 f5 26. Re3 Rb4 27. g4 a4 28. gxf5 gxf5 29. Kg3 a3 30. Kh4 d5 31. Kg5 d4 32. Re1 Rb6 33. Kxf5 Rf6+ 34. Kg4 Re6 35. Re5 Kf6 36. Rxc5 Re2 37. Rd5 Rxa2 38. Rxd4 Rg2+ 39. Kf3 a2 40. Rd6+ Kf5 41. Rd5+ Kf6 42. Ra5 Rxh2 43. b4 Rc2 44. Ra6+ Kf5 45. Ra5+ Kf6 46. c5 h5 47. c6 h4 48. Kg4 h3 49. Kxh3 Rxc6 50. Rxa2 Rc4 51. Rb2 Rxf4 52. Kg3 Rd4 53. Kf3 Ke5 54. Ke3 Rd6 55. Rh2 Re6 56. Rd2 Rb6 57. Rd4 Rc6 58. Rh4 Rg6 59. Kd3 Kd5 60. Rh5+ Kc6 61. Kc4 Rg4+ 62. Kb3 Rg6 63. Ka4 Kb6 64. Re5 Rh6 65. Rg5 Rf6 66. Rg4 Rh6 67. Kb3 Rh3+ 68. Kc4 Rh6 69. Re4 Rg6 70. Rd4 Rh6 71. b5 Rg6 72. Rh4 Rf6 73. Kb4 Rg6 74. Rc4 Rh6 75. Rc6+ Rxc6 76. bxc6 Kxc6 1/2-1/2